Desktop valuations will halve fees (Record no. 67306)
[ view plain ]
| 000 -LEADER | |
|---|---|
| fixed length control field | 00969cam a2200217 4500 |
| 001 - CONTROL NUMBER | |
| control field | WB3723-35 |
| 008 - FIXED-LENGTH DATA ELEMENTS--GENERAL INFORMATION | |
| fixed length control field | 000000n2001 000 0 eng u |
| 035 ## - SYSTEM CONTROL NUMBER | |
| System control number | (Sirsi) u113067 |
| 245 ## - TITLE STATEMENT | |
| Title | Desktop valuations will halve fees |
| 260 ## - PUBLICATION, DISTRIBUTION, ETC. | |
| Date of publication, distribution, etc. | 2001 |
| 490 ## - SERIES STATEMENT | |
| Series statement | Estates Gazette |
| Volume/sequential designation | (0123) 9 June 2001, 37(1) |
| 520 ## - SUMMARY, ETC. | |
| Summary, etc. | Countrywide is introducing a database that uses postcodes to allow lenders to compare values of similar properties in England and Wales. The information will be used to give desktop valuations for mortgages rather than paying surveyors to visit properties. This will affect surveyors working practices and cut the amount paid in fees to residential surveyors. |
| 590 ## - LOCAL NOTE (RLIN) | |
| Local note | WB |
| 650 ## - SUBJECT ADDED ENTRY--TOPICAL TERM | |
| Topical term or geographic name entry element | RESIDENTIAL SURVEYORS |
| 650 ## - SUBJECT ADDED ENTRY--TOPICAL TERM | |
| Topical term or geographic name entry element | MORTGAGE VALUATIONS |
| 650 ## - SUBJECT ADDED ENTRY--TOPICAL TERM | |
| Topical term or geographic name entry element | MORTGAGE PROVIDERS |
| 650 ## - SUBJECT ADDED ENTRY--TOPICAL TERM | |
| Topical term or geographic name entry element | MORTGAGE LENDING POLICIES |
| 650 ## - SUBJECT ADDED ENTRY--TOPICAL TERM | |
| Topical term or geographic name entry element | HOUSE SURVEYS |
| 690 ## - LOCAL SUBJECT ADDED ENTRY--TOPICAL TERM (OCLC, RLIN) | |
| Topical term or geographic name as entry element | VALUATION AND INVESTMENT APPRAISAL-HOMEBUYER SURVEY AND VALUATION |
| 942 ## - ADDED ENTRY ELEMENTS (KOHA) | |
| Suppress in OPAC | 0 |
| Withdrawn status | Lost status | Source of classification or shelving scheme | Damaged status | Not for loan | Home library | Current library | Shelving location | Date acquired | Total Checkouts | Full call number | Barcode | Date last seen | Copy number | Price effective from | Koha item type |
|---|---|---|---|---|---|---|---|---|---|---|---|---|---|---|---|
| Dewey Decimal Classification | London | London | News article | 13/06/2001 | WB3723-35 | 113067-1001 | 06/08/2019 | 1 | 06/08/2019 | News article |